| 000 | 01013nam1a22002291i 4500 | ||
|---|---|---|---|
| 001 | rc\2961192 | ||
| 005 | 20240723225458.0 | ||
| 035 | _a(NLR Aleph) 007107873 | ||
| 090 |
_a6737316 _c6737316 |
||
| 100 | _a20110902d1937 |||y0rusy50 ca | ||
| 101 | 0 | _arus | |
| 102 | _aRU | ||
| 105 | _ay z ||||| | ||
| 200 | 1 |
_aИнформационный листок _e№ 1- _fНаркомлес СССР. Центр. науч.-исслед. ин-т механизации и энергетики лесной промышленности (ЦНИИМЭ) |
|
| 210 |
_a[Москва] _cБ. и. _d[1937] _gтип. газ. "За индустриализацию" |
||
| 215 | _d22 см | ||
| 300 | _aБез тит. л. и обл. | ||
| 710 | 0 | 2 |
_aЦентральный научно-исследовательский институт механизации и энергетики лесной промышленности _cХимки |
| 801 | 0 |
_aRU _bNLR _gpsbo |
|
| 801 | 1 |
_aRU _bELAR _2rusmarc |
|
| 852 |
_aNLR _j37-18/54 |
||
| 942 | _cBOOK | ||